30 Most Populated Cities in Illinois - Statistics

General Stats
  • This quiz has been taken 35 times
  • The average score is 18 of 30
Answer Stats
Population City % Correct
2,686,530 Chicago
100%
109,385 Peoria
89%
144,911 Rockford
89%
113,620 Springfield
89%
196,315 Aurora
84%
89,824 Champaign
79%
110,208 Elgin
79%
72,956 Evanston
79%
76,856 Bloomington
74%
146,958 Joliet
74%
85,470 Waukegan
74%
148,808 Naperville
68%
80,115 Cicero
63%
70,356 Decatur
63%
54,309 Normal
63%
52,589 Oak Park
63%
72,386 Schaumburg
63%
74,404 Arlington Heights
53%
54,614 Oak Lawn
53%
74,047 Bolingbrook
47%
58,944 Des Plaines
47%
62,229 Skokie
47%
52,382 Wheaton
42%
53,961 Berwyn
37%
50,753 Hoffman Estates
37%
57,535 Orland Park
37%
67,022 Palatine
37%
55,451 Tinley Park
37%
48,791 Downers Grove
32%
53,322 Mount Prospect
21%
No matching quizzes found
Score Distribution
Percent of People with Each Score
Percentile by Number Answered
Your Score History
You have not taken this quiz